000 01574nam a2200313 i 4500
003 DO-SdBNP
005 20251009121539.0
007 ta
008 250625b2021 dr ||||| |||| 00| 0 spa d
020 _a9780578951393
040 _aDO-SdBNP
_bspa
_cBNPHU
_erda
041 _aspa
082 4 _a972.9303
_bM828d
_222
100 1 _aMorales Pérez, María Waleska
_eautor
_4aut.
_988190
245 1 _a10 minutos de Gloria - Crónica de la Batalla de Palo Hincado /
_cMaría Waleska Morales Pérez
246 _aDiez minutos de Gloria - Crónica de la Batalla de Palo Hincado
250 _aPrimera edición
264 4 _a[Lugar de publicación no identificado]
_bEditora Amigo del Hogar
_c©2021.
300 _a162 páginas ;
_c22 cm.
336 _atexto
_btxt
_2rdacontent
337 _asin mediación
_bn
_2rdamedia
338 _avolumen
_bnc
_2rdacarrier
505 _aPreámbulo -- Capítulo1 Exilio general -- Capítulo 2 Peripecias en alta mar -- Capítulo 3 Angustia ante enfermedad -- Capítulo 4 Mudanza de los Sánchez Ramírez -- Capítulo 5 Visita al gobernador -- Capítulo 6 El clero y su faena -- Capítulo 7 Liberación del general -- Capítulo 8 Nostalgia de Navidad -- Capítulo 9 Atacado por la viruela -- Capítulo 10 Regreso del general -- Capítulo 11 Reconquista triunfal.
590 _aInventariado, 2025 /LP
650 4 _aBatalla de Palo Hincado
_y1808–1821
_988676
_zRepública Dominicana
651 4 _aRepública Dominicana
_978065
_xHistoria
_xIndependencia
_y1808–1821
910 _aLP. Validado. Control de calidad/MAA
942 _2ddc
_cLBS1
999 _c59381
_d59381